000 00304nam a2200121Ia 4500
008 190216s9999||||xx |||||||||||||| ||und||
100 _aKarapetyants M
245 0 _aExamples And Probles In Chemical Thermodynamics
260 _bMir Publishers
_c1976
300 _a304p
650 _aChemistry
942 _cBK
999 _c2125
_d2125